00467nam a2200145Ia 4500008004100000041000800041082001800049100001300067245002700080260002300107300003400130365001200164999001700176952012800193240624s9999 xx 000 0 und d aeng a647.94068 BAU aBAUM TOM aHOSPITALITY MANAGEMENT c2011aLondonbSage axxviii, : 318 : p. : cm. ; 23 cGBPb38 c24320d24320 00104070aIMTNbIMTNcRack 19-Bd2015-06-17eRWg625.00o647.94068 BAUp24320r2024-06-24 00:00:00t104.5w2024-06-24yBK